| 000 | 00705nam a2200253Ia 4500 | ||
|---|---|---|---|
| 003 | OSt | ||
| 005 | 20220924121957.0 | ||
| 006 | a|||||r|||| 00| 0 | ||
| 007 | ta | ||
| 008 | 220923b |||||||| |||| 00| 0 ben d | ||
| 020 | _c100 | ||
| 024 | _a301007 | ||
| 037 |
_bM/2009/130, 07/01/2010, Mukta Dhara _cTextual |
||
| 040 |
_aARTS _cARTS _bben |
||
| 041 |
_2ben _aben |
||
| 082 | _aV275, 157P2 | ||
| 100 |
_aSen Arun Ed. _9187799 |
||
| 245 | 0 | _aDeshe bangladeshe | |
| 260 |
_aKolkata _bNaya Udyog India _c2002 |
||
| 300 |
_a238p. _ccm. |
||
| 650 | _aHISTORY | ||
| 942 |
_hV275, 157P2 _cTEXL _2CC |
||
| 999 |
_c409684 _d409684 |
||